000 01522nam1a22002771 4500
001 rc\3057183
005 20250807190154.0
035 _a(NLR Aleph) 007196199
090 _a88734
_c88734
100 _a20250807 rusy50
101 0 _arus
102 _aRU
_aAZ
105 _ay z |||||
200 1 _aРасчетные таблицы нормирования станочных работ по укрупненным показателям
_eДля ремонтных механ. мастерских нефтепромыслов и вспомогат. цехов и заводов нефт. машиностроения. Вып. 1-
_fНар. комиссариат нефт. пром-сти СССР. Отд. рабочих кадров и зарплаты. Центр. норматив.-исслед. группа
210 _aБаку
_aМосква
_cАзгостоптехиздат
_d1942-1943
_eБаку
215 _d26 см
710 0 1 _aСССР
_bНародный комиссариат нефтяной промышленности
_bГлавное управление по учету и распределению рабочих кадров
_3RU\NLR\AUTH\880361084
801 0 _aRU
_bNLR
_gpsbo
801 1 _aRU
_bELAR
_2rusmarc
852 _aNLR
_jТ36 Г-7/23
942 _cBOOK
945 _aРоссийская национальная библиотека
_aНациональная библиотека Азербайджана
980 _aBV
980 _aBV
980 _aNB